|
|
|
|
| LEADER |
00789nab a2200229 i 4500 |
| 001 |
misc65604 |
| 005 |
20230203155108.0 |
| 008 |
221129s1973 hu o 0|| hun d |
| 040 |
|
|
|a SZTE Miscellanea Repozitórium
|b hun
|
| 041 |
|
|
|a hun
|
| 100 |
1 |
|
|a Nyíri Antal
|
| 245 |
1 |
2 |
|a A magyar igeragozás történetéhez
|h [elektronikus dokumentum] /
|c Nyíri Antal
|
| 260 |
|
|
|c 1973
|
| 300 |
|
|
|a 140-158
|c 24 cm
|
| 300 |
|
|
|a [19] p.
|c 24 cm
|
| 490 |
0 |
|
|a Magyar nyelv : a Magyar Nyelvtudományi Társaság folyóirata
|
| 561 |
|
|
|a Németh Gyula hagyaték
|
| 591 |
|
|
|a NOM 4065
|
| 650 |
|
4 |
|a Bölcsészettudományok
|
| 650 |
|
4 |
|a Nyelvek és irodalom
|
| 695 |
|
|
|a Magyar nyelvtörténet, Magyar nyelv - ige
|
| 856 |
4 |
0 |
|u http://misc.bibl.u-szeged.hu/65604/1/4065_nom.pdf
|z Dokumentum-elérés
|